Focus: property software (Record no. 73633)
[ view plain ]
| 000 -LEADER | |
|---|---|
| fixed length control field | 01166cam a2200229 4500 |
| 001 - CONTROL NUMBER | |
| control field | ABS67171 |
| 008 - FIXED-LENGTH DATA ELEMENTS--GENERAL INFORMATION | |
| fixed length control field | 031023n2003 000 0 eng u |
| 035 ## - SYSTEM CONTROL NUMBER | |
| System control number | (Sirsi) u123982 |
| 100 ## - MAIN ENTRY--PERSONAL NAME | |
| Personal name | Greeman, A. |
| 245 ## - TITLE STATEMENT | |
| Title | Focus: property software |
| 260 ## - PUBLICATION, DISTRIBUTION, ETC. | |
| Date of publication, distribution, etc. | 2003 |
| 490 ## - SERIES STATEMENT | |
| Series statement | Estates Gazette |
| Volume/sequential designation | (0341) 11 October 2003, 123-133(5) |
| 520 ## - SUMMARY, ETC. | |
| Summary, etc. | "Systems that help everyone row in the same direction" looks at the benefits of project software that links clients, contractors, engineers, designers and suppliers. These collaborative internet based systems are already in place in some major companies. The article gives some of the background to and describes the software in basic terms. Discusses some problems with the systems at present but considers these to be only temporary. Mentions the Collaboration Software in the Construction Industry report from Compagnia. |
| 590 ## - LOCAL NOTE (RLIN) | |
| Local note | ABS |
| 650 ## - SUBJECT ADDED ENTRY--TOPICAL TERM | |
| Topical term or geographic name entry element | SOFTWARE |
| 650 ## - SUBJECT ADDED ENTRY--TOPICAL TERM | |
| Topical term or geographic name entry element | PROJECT SOFTWARE |
| 650 ## - SUBJECT ADDED ENTRY--TOPICAL TERM | |
| Topical term or geographic name entry element | COLLABORATIVE INTEGRATED COMMUNICATIONS FOR CONSTRUCTION |
| 650 ## - SUBJECT ADDED ENTRY--TOPICAL TERM | |
| Topical term or geographic name entry element | PROPERTY COMPUTER SHOW |
| 690 ## - LOCAL SUBJECT ADDED ENTRY--TOPICAL TERM (OCLC, RLIN) | |
| Topical term or geographic name as entry element | MANAGEMENT-BUSINESS MANAGEMENT-INFORMATION MANAGEMENT |
| 700 ## - ADDED ENTRY--PERSONAL NAME | |
| Personal name | Norwood, G. |
| 942 ## - ADDED ENTRY ELEMENTS (KOHA) | |
| Suppress in OPAC | 0 |
| Withdrawn status | Lost status | Source of classification or shelving scheme | Damaged status | Not for loan | Home library | Current library | Shelving location | Date acquired | Total Checkouts | Full call number | Barcode | Date last seen | Copy number | Price effective from | Koha item type |
|---|---|---|---|---|---|---|---|---|---|---|---|---|---|---|---|
| Dewey Decimal Classification | London | London | Journal article | 23/10/2003 | ABS67171 | 123982-1001 | 06/08/2019 | 1 | 06/08/2019 | Journal article |